000 00764nam a22001817a 4500
999 _c189518
_d189518
005 20220908151108.0
010 _aB-745479
020 _a8175344768
_c350.00
035 _aB-745479
037 _bUniversal Law Publishing Co.Pvt. Ltd
100 _aDas, P.K
245 _aUniversal's handbook on the Right to information act 2005 /
_cBy P.K Das
260 _aDelhi
_bUniversal Law Publishing Co.Pvt. Ltd
_c2006
270 _aC-FF-1A, Dilkhush Industrial Estate, (Opp. Hans Cinema , Azadpur)G.T Karnal Road
_bDelhi
_e110033
_k011-27438103
_l01127458529
_msales@unilawbooks.com
300 _axiv, 460p.
_c24cm(pbk)
942 _2ddc
_cEN
_mDAS
_h323.445